[Event "Noisy le Grand op"]
[Site "Noisy le Grand"]
[Date "2000.04.21"]
[Round "1.7"]
[White "Abbey, Anate"]
[Black "Peigney, Christophe"]
[Result "0-1"]
[WhiteElo "1540"]
[BlackElo "2000"]
[PlyCount "80"]
[EventDate "2000.04.??"]
[EventType "swiss"]
[EventRounds "7"]
[EventCountry "FRA"]
[SourceTitle "EXT 2002"]
[Source "ChessBase"]
[SourceDate "2001.11.25"]
[SourceVersion "1"]
[SourceVersionDate "2001.11.25"]
[SourceQuality "1"]

1. c4 Nf6 2. d4 d5 3. cxd5 Nxd5 4. e4 Nb6 5. Nc3 g6 6. Be3 Bg7 7. h3 0-0 8. Nf3 a5 9. Be2 a4 10. 0-0 a3 11. b3 N8d7 12. Rc1 Nf6 13. Qc2 c6 14. Rfd1 Bd7 15. Ne5 Be6 16. Nc4 Bxc4 17. bxc4 Qc7 18. c5 Nbd7 19. Rb1 e6 20. Bf3 Rfe8 21. Qb3 Reb8 22. Na4 Ra5 23. Qc2 Bf8 24. Bd2 Ra7 25. Bg5 Be7 26. e5 Nd5 27. Bxd5 Bxg5 28. Bf3 Ra5 29. Nb6 Nxb6 30. Rxb6 Ra6 31. Rdb1 Rxb6 32. Rxb6 Rd8 33. Qc3 Ra8 34. Qb4 Ra7 35. g3 Bc1 36. Kg2 Bb2 37. Be4 Qd7 38. Kf3 Bxd4 39. Kf4 Bxf2 40. h4 Qe7 0-1